000 00445nam a2200157Ia 4500
008 151021s9999 xx 000 0 und d
020 _a9.7803904056e+012
050 _aTS 155.G143 2009
245 _a_Management science and engineering 121
260 _aUSA McGraw-Hill 2009
300 _aiii,339p.
500 _aIncludes index
500 _aIncludes index
650 _a_Engineering management
980 _a^d20120817 10:41:29^oanne
999 _c12469
_d12469